000 00338 a2200157 4500
001 62735
020 _a9789604433247
040 _cAnchieta - Pituba
100 _aDickens, Charles
240 1 0 _aOliver Twist
_lIng
245 1 0 _aOliver Twist
300 _a78
362 0 _a2008
650 4 _aLiteratura juvenil em inglês
942 _cBK
999 _c62735
_d62735